Catálogo

Una escuela para cada estudiante : (Registro nro. 68695)

Detalles MARC
000 -LEADER
fixed length control field 01491nam a2200349 i 4500
001 - CONTROL NUMBER
control field 68695
003 - CONTROL NUMBER IDENTIFIER
control field Mx-PuUPA
005 - DATE AND TIME OF LATEST TRANSACTION
control field 20240410104301.0
008 - FIXED-LENGTH DATA ELEMENTS--GENERAL INFORMATION
fixed length control field 200214s2013 sp |||gr|||| 001 0 spa d
020 ## - INTERNATIONAL STANDARD BOOK NUMBER
International Standard Book Number 9788427719088
040 ## - CATALOGING SOURCE
Original cataloging agency Mx-PuUPA
Language of cataloging spa
Transcribing agency Mx-PuUPA
Modifying agency Mx-PuUPA
Description conventions rda
041 1# - LANGUAGE CODE
Language code of text/sound track or separate title spa
Language code of original eng
100 1# - MAIN ENTRY--PERSONAL NAME
Personal name Beaudoin, Nelson,
Relator term autor
9 (RLIN) 10552
240 10 - UNIFORM TITLE
Uniform title A school for each student. personalization in a climate of high expectations.
Language of a work Español
245 14 - TITLE STATEMENT
Title Una escuela para cada estudiante :
Remainder of title la relación interpersonal, clave del proceso educativo /
Statement of responsibility, etc. Nelson Beaudoin ; traducción, Pablo Manzano Bernárdez
264 #4 - PRODUCTION, PUBLICATION, DISTRIBUTION, MANUFACTURE, AND COPYRIGHT NOTICE
Place of production, publication, distribution, manufacture Madrid, España :
Name of producer, publisher, distributor, manufacturer Narcea, S.A. De Ediciones,
Date of production, publication, distribution, manufacture, or copyright notice 2013
300 ## - PHYSICAL DESCRIPTION
Extent 156 páginas ;
Dimensions 22 cm
336 ## - CONTENT TYPE
Content type term texto
Fuente rdacontent
Content type code txt
337 ## - MEDIA TYPE
Media type term sin medio
Source rdamedia
Media type code n
338 ## - CARRIER TYPE
Carrier type term volumen
Source rdacarrier
Carrier type code nc
490 0# - SERIES STATEMENT
Series statement Educadores XXI
650 #4 - SUBJECT ADDED ENTRY--TOPICAL TERM
Topical term or geographic name entry element Educación
650 #4 - SUBJECT ADDED ENTRY--TOPICAL TERM
Topical term or geographic name entry element Enseñanza individualizada
650 #4 - SUBJECT ADDED ENTRY--TOPICAL TERM
Topical term or geographic name entry element Relaciones profesor - alumno
700 1# - ADDED ENTRY--PERSONAL NAME
Personal name Manzano Bernárdez, Pablo,
Relator term traductor
765 08 - ORIGINAL LANGUAGE ENTRY
Main entry heading Beaudoin, Nelson,
Place, publisher, and date of publication N.Y. : Eye on Education, [Fecha de publicación no identificada]
Title A school for each student. personalization in a climate of high expectations.
942 ## - ADDED ENTRY ELEMENTS (KOHA)
Source of classification or shelving scheme Dewey Decimal Classification
Koha item type Libro
Classification part 371.394
Item part B1116
Existencias
Withdrawn status Lost status Source of classification or shelving scheme Damaged status Not for loan Collection code Home library Current library Shelving location Date acquired Source of acquisition Cost, normal purchase price Total Checkouts Full call number Barcode Date last seen Copy number Cost, replacement price Price effective from Koha item type
    Dewey Decimal Classification     General Biblioteca Karol Wojtyla Biblioteca Karol Wojtyla Sala general 24/08/2021 14 593.00   371.394 B1116 2013 101049 05/01/2026 Ej.2 593.00 24/08/2021 Libro
    Dewey Decimal Classification     General Biblioteca Karol Wojtyla Biblioteca Karol Wojtyla Sala general 24/08/2021 14 593.00   371.394 B1116 2013 101048 05/01/2026   593.00 24/08/2021 Libro